[Event "Serpiano op"]
[Site "Serpiano"]
[Date "2023.04.02"]
[Round "5"]
[White "Vora, Ananya"]
[Black "Breggia Bicchiere, Antonio"]
[Result "1/2-1/2"]
[WhiteElo "1448"]
[BlackElo "1549"]
[PlyCount "63"]
[EventDate "2023.03.31"]
[EventType "swiss"]
[EventRounds "5"]
[EventCountry "SUI"]
[SourceTitle "CBM 213 Extra"]
[Source "ChessBase"]
[SourceDate "2023.05.31"]
[SourceVersion "1"]
[SourceVersionDate "2023.05.31"]
[SourceQuality "1"]

1. e4 c6 2. d4 d5 3. Nc3 dxe4 4. Nxe4 Bf5 5. Ng3 Bg6 6. h4 h6 7. h5 Bh7 8. Bd3 Bxd3 9. Qxd3 Nf6 10. Nf3 e6 11. Bd2 Nbd7 12. 0-0-0 Bd6 13. Ne4 Nxe4 14. Qxe4 Nf6 15. Qe2 Qb6 16. c4 Qc7 17. g3 0-0-0 18. c5 Bf8 19. Bf4 Qa5 20. Kb1 Nd7 21. Ne5 Nxe5 22. Qxe5 Kd7 23. Rhe1 Ke7 24. Rd3 Rd5 25. Qe4 Kd7 26. Bd2 Qb5 27. Rb3 Qa6 28. g4 Be7 29. f4 Bxc5 30. dxc5 Rxd2 31. f5 Re8 32. Qb4 1/2-1/2

[Event "Serpiano op"]
[Site "Serpiano"]
[Date "2022.11.19"]
[Round "2"]
[White "Breggia Bicchiere, Antonio"]
[Black "Morotti, Elisa"]
[Result "0-1"]
[WhiteElo "1490"]
[BlackElo "1515"]
[PlyCount "78"]
[EventDate "2022.11.19"]
[EventType "swiss"]
[EventRounds "5"]
[EventCountry "SUI"]
[SourceTitle "EXT 2024"]
[Source "ChessBase"]
[SourceDate "2023.10.10"]
[SourceVersion "1"]
[SourceVersionDate "2023.10.10"]
[SourceQuality "1"]

1. d4 Nf6 2. Nf3 g6 3. Bf4 Bg7 4. h3 d6 5. e3 0-0 6. Be2 b6 7. 0-0 Bb7 8. Nbd2 Nbd7 9. c3 e5 10. dxe5 Nh5 11. Bg5 f6 12. exf6 Nhxf6 13. Nd4 Qe8 14. Qb3+ d5 15. Bb5 a6 16. Bxd7 Nxd7 17. Bf4 Nc5 18. Qc2 Rc8 19. N2b3 Ne6 20. Nxe6 Qxe6 21. Nd4 Qf7 22. Qb3 Kh8 23. Bg3 c5 24. Nf3 Qe6 25. Rad1 c4 26. Qc2 Rxf3 27. gxf3 Qxh3 28. Qe2 Rf8 29. Rfe1 Rf5 30. Qf1 Qh5 31. Qg2 Rxf3 32. Qh2 Qf5 33. e4 dxe4 34. Rd8+ Bf8 35. Bd6 Qg5+ 36. Kf1 Qxd8 37. Qe5+ Bg7 38. Qe6 Rf6 39. Be7 Qd3+ 0-1

[Event "Serpiano op"]
[Site "Serpiano"]
[Date "2022.11.19"]
[Round "1"]
[White "Pirrello, Christian"]
[Black "Breggia Bicchiere, Antonio"]
[Result "1/2-1/2"]
[WhiteElo "2105"]
[BlackElo "1490"]
[PlyCount "99"]
[EventDate "2022.11.19"]
[EventType "swiss"]
[EventRounds "5"]
[EventCountry "SUI"]
[SourceTitle "EXT 2024"]
[Source "ChessBase"]
[SourceDate "2023.10.10"]
[SourceVersion "1"]
[SourceVersionDate "2023.10.10"]
[SourceQuality "1"]

1. f4 c6 2. Nf3 d5 3. g3 Bf5 4. Bg2 h6 5. 0-0 e6 6. d3 Nd7 7. Nbd2 Ngf6 8. Qe1 Be7 9. e4 dxe4 10. dxe4 Bh7 11. Qe2 0-0 12. c3 Qc7 13. Rd1 Rad8 14. e5 Nd5 15. Ne4 Bxe4 16. Qxe4 Bc5+ 17. Kh1 Qb6 18. Nd4 Bxd4 19. cxd4 Rfe8 20. f5 exf5 21. Qxf5 Nf8 22. Qg4 Kh8 23. Rf1 Qc7 24. Rf5 Ng6 25. Bd2 Rf8 26. Raf1 Qd7 27. Bh3 Kg8 28. Qxg6 Ne7 29. Rxf7 Qd5+ 30. Bg2 Qxf7 31. Qe4 Qxa2 32. Bb4 Rxf1+ 33. Bxf1 Qd5 34. Qxd5+ Nxd5 35. Bd6 Ne3 36. Bd3 Nd1 37. Bc4+ Kh8 38. e6 Nf2+ 39. Kg2 Ne4 40. Ba3 Nf6 41. e7 Rxd4 42. Bf7 Re4 43. Kf3 b6 44. e8Q+ Rxe8 45. Bxe8 Nxe8 46. Ke4 Nf6+ 47. Ke5 Ng4+ 48. Kd6 Nxh2 49. Kxc6 Nf1 50. Bd6 1/2-1/2

[Event "Lugano Paradiso op 19th"]
[Site "Lugano"]
[Date "2022.05.08"]
[Round "4"]
[White "Nehan, Sanket Mehta"]
[Black "Breggia Bicchiere, Antonio"]
[Result "1/2-1/2"]
[WhiteElo "1120"]
[BlackElo "1529"]
[PlyCount "76"]
[EventDate "2022.05.06"]
[EventType "swiss"]
[EventRounds "5"]
[EventCountry "SUI"]
[SourceTitle "CBM 208 Extra"]
[Source "ChessBase"]
[SourceDate "2022.07.31"]
[SourceVersion "1"]
[SourceVersionDate "2022.07.31"]
[SourceQuality "1"]

1. e4 c6 2. d4 d5 3. exd5 cxd5 4. Bd3 Nf6 5. Bf4 e6 6. Nf3 a6 7. Nbd2 Bd6 8. Bg3 0-0 9. c4 dxc4 10. Nxc4 Bb4+ 11. Ncd2 b5 12. 0-0 Bb7 13. Nb3 Qd5 14. a3 Bd6 15. Bxd6 Qxd6 16. h3 Nbd7 17. Rc1 Rac8 18. Nc5 Bxf3 19. gxf3 Nd5 20. Nxd7 Qxd7 21. Rxc8 Rxc8 22. Qd2 Qc7 23. a4 Nf4 24. axb5 Nxh3+ 25. Kh1 axb5 26. Bxb5 h6 27. Ba6 Rd8 28. b4 Qd6 29. b5 Qd5 30. Qe3 Ng5 31. Kg2 Qf5 32. f4 Rxd4 33. fxg5 Rg4+ 34. Kh2 Rh4+ 35. Kg2 Rg4+ 36. Kh2 Rh4+ 37. Kg2 Rg4+ 38. Kh2 Rh4+ 1/2-1/2

[Event "Lugano Paradiso op 19th"]
[Site "Lugano"]
[Date "2022.05.07"]
[Round "3"]
[White "Breggia Bicchiere, Antonio"]
[Black "Paleologu, Vladimir"]
[Result "0-1"]
[WhiteElo "1529"]
[BlackElo "2008"]
[PlyCount "72"]
[EventDate "2022.05.06"]
[EventType "swiss"]
[EventRounds "5"]
[EventCountry "SUI"]
[SourceTitle "CBM 208 Extra"]
[Source "ChessBase"]
[SourceDate "2022.07.31"]
[SourceVersion "1"]
[SourceVersionDate "2022.07.31"]
[SourceQuality "1"]

1. d4 f5 2. Nf3 Nf6 3. c3 b6 4. Bg5 e6 5. e3 Bb7 6. Nbd2 h6 7. Bh4 g5 8. Bg3 d6 9. h3 Bg7 10. Qb3 Qe7 11. 0-0-0 Nc6 12. Qa4 a6 13. Be2 b5 14. Qc2 0-0 15. Rhg1 Kh8 16. Rde1 Na7 17. Bd3 Rac8 18. e4 f4 19. Bh2 e5 20. d5 c6 21. dxc6 Nxc6 22. Nb3 Nb4 23. Qb1 Nxd3+ 24. Qxd3 b4 25. c4 Rxc4+ 26. Qxc4 Rc8 27. Qxc8+ Bxc8 28. Nfd2 a5 29. Nxa5 Qa7 30. Nab3 Qxf2 31. Kb1 Ba6 32. Rc1 Nxe4 33. Nxe4 Bd3+ 34. Ka1 Bxe4 35. Rcf1 Qa7 36. Rd1 Bc2 0-1

[Event "Serpiano op"]
[Site "Serpiano"]
[Date "2021.11.28"]
[Round "5"]
[White "Donghi, Fabio"]
[Black "Breggia Bicchiere, Antonio"]
[Result "1-0"]
[WhiteElo "1452"]
[BlackElo "1541"]
[PlyCount "89"]
[EventDate "2021.11.27"]
[EventType "swiss"]
[EventRounds "5"]
[EventCountry "SUI"]
[SourceTitle "CBM 205 Extra"]
[Source "ChessBase"]
[SourceDate "2022.01.31"]
[SourceVersion "1"]
[SourceVersionDate "2022.01.31"]
[SourceQuality "1"]

1. d4 Nf6 2. c4 g6 3. f3 Bg7 4. Be3 d6 5. Bf2 0-0 6. Nc3 Nbd7 7. e3 b6 8. Bd3 Bb7 9. Qc2 c5 10. Nge2 cxd4 11. exd4 Rc8 12. 0-0 d5 13. Qb3 e6 14. c5 a6 15. cxb6 Qxb6 16. Qxb6 Nxb6 17. b3 Rc7 18. Be3 Rfc8 19. Bd2 Nfd7 20. a4 Nb8 21. a5 N6d7 22. Na4 Nc6 23. b4 Nxd4 24. Rab1 Nxe2+ 25. Bxe2 Rc2 26. Rfd1 R8c7 27. b5 axb5 28. Bxb5 Bc6 29. Bxc6 R7xc6 30. Rb7 Nf8 31. Bb4 Ra2 32. Nc5 Bc3 33. Nd3 Bd4+ 34. Kf1 Rc8 35. Be1 Bc3 36. Rc1 d4 37. Nb4 Rxa5 38. Nd3 Ra1 39. Rxa1 Bxa1 40. Bd2 f6 41. Bh6 Rd8 42. Rg7+ Kh8 43. Re7 Bc3 44. Bg7+ Kg8 45. Bxf6 1-0

[Event "Lugano op 10"]
[Site "Lugano"]
[Date "2021.10.31"]
[Round "3"]
[White "Salvaing, Jean Louis"]
[Black "Breggia Bicchiere, Antonio"]
[Result "1-0"]
[WhiteElo "1898"]
[BlackElo "1522"]
[PlyCount "67"]
[EventDate "2021.10.29"]
[EventType "swiss"]
[EventRounds "5"]
[EventCountry "SUI"]
[SourceTitle "CBM 205 Extra"]
[Source "ChessBase"]
[SourceDate "2022.01.31"]
[SourceVersion "1"]
[SourceVersionDate "2022.01.31"]
[SourceQuality "1"]

1. d4 Nf6 2. Nc3 g6 3. e4 d6 4. f4 Bg7 5. Nf3 Bg4 6. Be2 0-0 7. 0-0 c6 8. e5 dxe5 9. fxe5 Nd5 10. Ne4 Qb6 11. Kh1 Nd7 12. c4 Nb4 13. a3 Bxf3 14. Rxf3 Na6 15. b4 Qd8 16. Bb2 Nc7 17. Qb3 Ne6 18. Raf1 Qe8 19. c5 Nd8 20. Bc4 b5 21. Bxf7+ Nxf7 22. e6 Nf6 23. exf7+ Qxf7 24. Qxf7+ Rxf7 25. Ng5 Rff8 26. Ne6 Rf7 27. g4 h6 28. h4 g5 29. hxg5 hxg5 30. Nxg5 Rff8 31. Ne6 Rfc8 32. Nxg7 Kxg7 33. d5 cxd5 34. g5 1-0

[Event "Lugano op"]
[Site "Lugano"]
[Date "2021.08.01"]
[Round "4"]
[White "Breggia Bicchiere, Antonio"]
[Black "Jenny, Philipp"]
[Result "0-1"]
[WhiteElo "1496"]
[BlackElo "1897"]
[PlyCount "70"]
[EventDate "2021.07.30"]
[EventType "swiss"]
[EventRounds "5"]
[EventCountry "SUI"]
[SourceTitle "EXT 2022"]
[Source "ChessBase"]
[SourceDate "2021.10.06"]
[SourceVersion "1"]
[SourceVersionDate "2021.10.06"]
[SourceQuality "1"]

1. d4 Nf6 2. Bf4 g6 3. e3 Bg7 4. Nf3 0-0 5. Bd3 d6 6. 0-0 Nbd7 7. Nbd2 Re8 8. Bg5 e5 9. Bxf6 Nxf6 10. dxe5 dxe5 11. Ne4 Be6 12. Nxe5 Nxe4 13. Bxe4 Bxe5 14. Bxb7 Qxd1 15. Rfxd1 Rab8 16. Bc6 Red8 17. Rxd8+ Rxd8 18. c3 Rb8 19. f4 Bg7 20. b3 Bxc3 21. Rc1 Bd2 22. Rc2 Bxe3+ 23. Kf1 Bxf4 24. g3 Bd6 25. Rd2 Rb6 26. Bg2 Be7 27. Re2 Rd6 28. Kf2 Bg5 29. h4 Bf6 30. Ke1 Bc3+ 31. Kf1 Rd1+ 32. Kf2 Bd4+ 33. Kf3 h5 34. Ke4 c5 35. Kf3 Bg4+ 0-1

[Event "Locarno op"]
[Site "Locarno"]
[Date "2021.04.16"]
[Round "1"]
[White "Waffenschmidt, Joachim"]
[Black "Breggia Bicchiere, Antonio"]
[Result "1-0"]
[WhiteElo "2071"]
[BlackElo "1529"]
[PlyCount "61"]
[EventDate "2021.04.16"]
[EventType "swiss"]
[EventRounds "5"]
[EventCountry "SUI"]
[SourceTitle "EXT 2022"]
[Source "ChessBase"]
[SourceDate "2021.10.06"]
[SourceVersion "1"]
[SourceVersionDate "2021.10.06"]
[SourceQuality "1"]

1. d4 Nf6 2. c4 g6 3. Nc3 d5 4. cxd5 Nxd5 5. Bd2 Nxc3 6. Bxc3 Bg7 7. e4 0-0 8. Bc4 c5 9. d5 Bxc3+ 10. bxc3 Qa5 11. Ne2 b5 12. Bb3 c4 13. Bc2 Bg4 14. f3 Bd7 15. h4 h5 16. Qd2 Na6 17. g4 hxg4 18. h5 Qc7 19. hxg6 Qe5 20. Qh6 Qg7 21. gxf7+ Rxf7 22. Qxa6 gxf3 23. Rg1 f2+ 24. Kd2 f1Q 25. Raxf1 Qxg1 26. Nxg1 Rf2+ 27. Ne2 Bg4 28. Qg6+ Kh8 29. Qxg4 Raf8 30. e5 e6 31. Qh5+ 1-0

[Event "Chiasso 2days op"]
[Site "Chiasso"]
[Date "2020.10.25"]
[Round "5"]
[White "Breggia Bicchiere, Antonio"]
[Black "Cavadini, Sergio"]
[Result "1/2-1/2"]
[WhiteElo "1553"]
[BlackElo "1531"]
[PlyCount "98"]
[EventDate "2020.10.24"]
[EventType "swiss"]
[EventRounds "5"]
[EventCountry "SUI"]
[SourceTitle "EXT 2022"]
[Source "ChessBase"]
[SourceDate "2021.10.06"]
[SourceVersion "1"]
[SourceVersionDate "2021.10.06"]
[SourceQuality "1"]

1. d4 d5 2. Bf4 Nf6 3. e3 c6 4. Bd3 Bg4 5. Be2 Bf5 6. c3 h6 7. h3 Nbd7 8. Nf3 e6 9. Nbd2 Be7 10. 0-0 0-0 11. Qb3 b5 12. Ne5 Nxe5 13. Bxe5 Nd7 14. Bh2 Nb6 15. Qd1 Bf6 16. Re1 Re8 17. Bf3 e5 18. dxe5 Bxe5 19. Bxe5 Rxe5 20. Be2 Qc7 21. Nf3 Re7 22. Bd3 Be4 23. Nd4 Rae8 24. Bxe4 Rxe4 25. Qf3 Nc4 26. Qe2 Qd7 27. Nb3 Qe7 28. Nd2 Nxd2 29. Qxd2 f5 30. Kf1 Qg5 31. Re2 f4 32. exf4 Rxe2 33. Qxe2 Rxe2 34. fxg5 Rxb2 35. gxh6 gxh6 36. a4 b4 37. cxb4 Rxb4 38. Ra2 Kf7 39. Ke2 c5 40. Ra3 c4 41. g4 d4 42. Kd2 Rb2+ 43. Ke1 Rb1+ 44. Kd2 d3 45. Rc3 Rb4 46. a5 Ra4 47. f4 Ra2+ 48. Kd1 Ra1+ 49. Kd2 Ra2+ 1/2-1/2

[Event "Chiasso 2days op"]
[Site "Chiasso"]
[Date "2020.10.25"]
[Round "4"]
[White "Purgaj, Christopher"]
[Black "Breggia Bicchiere, Antonio"]
[Result "1-0"]
[WhiteElo "1724"]
[BlackElo "1553"]
[PlyCount "65"]
[EventDate "2020.10.24"]
[EventType "swiss"]
[EventRounds "5"]
[EventCountry "SUI"]
[SourceTitle "EXT 2022"]
[Source "ChessBase"]
[SourceDate "2021.10.06"]
[SourceVersion "1"]
[SourceVersionDate "2021.10.06"]
[SourceQuality "1"]

1. d4 Nf6 2. c4 g6 3. Nc3 Bg7 4. Nf3 0-0 5. e4 d6 6. h3 Nbd7 7. Bd3 c5 8. d5 Nb6 9. Be3 Nbd7 10. Qd2 Qb6 11. a3 a6 12. 0-0 Re8 13. Rab1 Nf8 14. Na4 Qc7 15. b4 Bd7 16. Nc3 cxb4 17. axb4 Rec8 18. Rfc1 Qd8 19. Nd4 h5 20. f4 e5 21. fxe5 dxe5 22. Nf3 N6h7 23. c5 Qe8 24. Bc4 Rd8 25. d6 Ne6 26. Nd5 Nf6 27. Ne7+ Kh7 28. Bxe6 Bxe6 29. Ng5+ Kh8 30. Nxe6 fxe6 31. Bh6 Kh7 32. Bxg7 Qxe7 33. Qh6+ 1-0

[Event "Chiasso 2days op"]
[Site "Chiasso"]
[Date "2020.10.24"]
[Round "2"]
[White "Pirrello, Christian"]
[Black "Breggia Bicchiere, Antonio"]
[Result "1-0"]
[WhiteElo "2092"]
[BlackElo "1553"]
[PlyCount "59"]
[EventDate "2020.10.24"]
[EventType "swiss"]
[EventRounds "5"]
[EventCountry "SUI"]
[SourceTitle "EXT 2022"]
[Source "ChessBase"]
[SourceDate "2021.10.06"]
[SourceVersion "1"]
[SourceVersionDate "2021.10.06"]
[SourceQuality "1"]

1. Nf3 c6 2. c4 d5 3. e3 Nf6 4. Nc3 Bg4 5. Qb3 Qb6 6. cxd5 Qxb3 7. axb3 Bxf3 8. gxf3 cxd5 9. Nb5 Kd7 10. Rxa7 Rxa7 11. Nxa7 e6 12. d4 Bb4+ 13. Bd2 Bxd2+ 14. Kxd2 Nc6 15. Nxc6 bxc6 16. Bd3 Rb8 17. Kc3 Kc7 18. Rg1 g6 19. Ra1 Ne8 20. Ra7+ Rb7 21. Ra8 Rb8 22. Rxb8 Kxb8 23. b4 Nc7 24. b5 cxb5 25. Kb4 Kb7 26. Kc5 b4 27. Kd6 f5 28. f4 g5 29. fxg5 Kb6 30. h4 1-0

[Event "Wohlen op 1st"]
[Site "Wohlen"]
[Date "2020.08.23"]
[Round "4"]
[White "Cakic, Igor"]
[Black "Breggia Bicchiere, Antonio"]
[Result "1-0"]
[WhiteElo "1702"]
[BlackElo "1548"]
[PlyCount "59"]
[EventDate "2020.08.21"]
[EventType "swiss"]
[EventRounds "5"]
[EventCountry "SUI"]
[SourceTitle "CBM 198 Extra"]
[Source "ChessBase"]
[SourceDate "2020.11.30"]
[SourceVersion "1"]
[SourceVersionDate "2020.11.30"]
[SourceQuality "1"]

1. e4 c6 2. d4 d5 3. exd5 cxd5 4. c4 Nf6 5. Nc3 dxc4 6. Bxc4 e6 7. Nf3 Be7 8. 0-0 0-0 9. Re1 Qc7 10. Bb3 Bb4 11. Qd3 a6 12. Bg5 Nbd7 13. Rac1 Qa5 14. a3 Be7 15. Bc2 h6 16. Bh4 Re8 17. Ne5 Nf8 18. Qf3 Qd8 19. Rcd1 Qc7 20. Bb1 Rd8 21. Ne4 N8h7 22. Qd3 g5 23. Bg3 Bd6 24. Nxd6 Rxd6 25. Nc4 Rxd4 26. Bxc7 Rxd3 27. Bxd3 b5 28. Nb6 Ra7 29. Bxh7+ Kxh7 30. Be5 1-0